| 000 | 00537nam a2200169 4500 | ||
|---|---|---|---|
| 001 | 138002 | ||
| 003 | ES-MaACL | ||
| 005 | 20230906195502.0 | ||
| 007 | t| | ||
| 008 | 070214s1971 sp r ||||1| spa d | ||
| 100 | 1 |
_aSánchez Guzmán, José Ramón. _9102694 |
|
| 245 | 1 | 0 |
_aCurso de Economía para publicitarios / _cJosé Ramón Sánchez Guzmán ; prólogo de Juan Luis Calleja. |
| 260 |
_aSalamanca : _bAnaya, _c1971. |
||
| 300 |
_a327 p. ; _c24 cm. |
||
| 700 | 1 |
_aCalleja, Juan Luis. _933720 |
|
| 852 |
_aES-MaACL _jC-44522 _bR.78827 |
||
| 999 |
_c138002 _d138002 |
||